Regionalliga Nordost Mannschaften - Statistiken

Allgemein
  • Dieses Quiz wurde 19 mal gespielt
  • Das Durchschnittsergebnis liegt bei 7 aus 18
Antwortstatistiken
Antwort % Korrekt
BSG Chemie Leipzig
58%
Rot-Weiß Erfurt
58%
Hallescher FC
53%
1. FC Lokomotive Leipzig
47%
BFC Dynamo
47%
Chemnitzer FC
47%
FSV Zwickau
47%
Greifswalder FC
47%
FC Carl Zeiss Jena
42%
FC Eilenburg
42%
ZFC Meuselwitz
42%
SV Babelsberg 03
37%
VFC Plauen
37%
Hertha BSC 2
32%
VSG Altglienicke
21%
FC Hertha 03 Zehlendorf
5%
FSV 63 Luckenwalde
5%
FC Viktoria 1889 Berlin
0%
Keine übereinstimmenden Quizze gefunden
Verteilung der Resultate
Anzahl Personen mit jedem Resultat
Perzentil nach korrekt beantworteten Fragen
Ihre Resultats-Entwicklung
Sie haben dieses Quiz noch nicht gespielt